Дело о производстве порционных денег плотникам: Фаддею Кононову и Егору Кирьякову за устройство машин Эрмитажного театра

Доступно только в Электронных читальных залах Найти на картеНа карте
RUSMARC
00003662nmc2a22000003x 450
00191b6b8fe-e0dc-4d77-85da-dd2c1b9f09aa
00520181129110730.0
100##$a20170110l18261826k l0rusy0189 ca
1010#$arus
102##$aRU
2001#$aДело о производстве порционных денег плотникам: Фаддею Кононову и Егору Кирьякову за устройство машин Эрмитажного театра
$j24-31 декабря 1826 г.
251##$cДело
300##$aДело
801#0$aRU
$bРГИА
$c20170110
$gRCR
801#1$aRU
$bГлавНИВЦ
$c20170110
$2rusmarc
801#2$aRU
$bПБ им. Б.Н. Ельцина
$c20181129
$gRCR
$2rusmarc
850##$aРГИА
852##$aРГИА
$eФедеральное казенное учреждение "Российский государственный исторический архив" (РГИА)
$j3063
937##$hРГИА
$d12234850
$aASBIBLIO_SCAN
462#0$1001dd3991dc-24e1-42ec-8838-ca4255420416
$12001
$aДирекция императорских театров (1746-1850 гг.)
$1251
$cОпись
$1852
$j1
461#0$10019264ebf8-de62-4f1a-9eb4-9f22098dbbd5
$12001
$aДирекция императорских театров Министерства императорского двора
$1251
$cФонд
$1852
$j497
215##$a5 л.
$d36,5х26 см
371##$aДокумент не является опубликованным и широко распространяемым
105##$ay###
1222#$ad
035##$a91b6b8fe-e0dc-4d77-85da-dd2c1b9f09aa
856##$uhttp://readingroom.main.prlib.ru/item.aspx?id_node=n121133048&mode=full
Формат отображения